Southville International School and Colleges
Your cart is empty.
  • Cart
  • Lists
    Public lists Eva Luna New books Lux_list list_1
    Your lists Log in to create your own lists
  • Log in to your account
  • Your cookies
  • Search history
Southville International School and Colleges
  • Advanced search
  • Recent comments
  • Most popular
  • Libraries

Log in to your account

Log in with GOOGLE


If you do not have an external account, but do have a local account, you can still log in:

  1. Home
  2. MARC view: Final cut express HD 3.5 :
Normal view MARC view ISBD view

Final cut express HD 3.5 : (Record no. 22663)

[ view plain ]
MARC details
000 -LEADER
fixed length control field 00625nam a2200205 a 4500
005 - DATE AND TIME OF LATEST TRANSACTION
control field 20140310183427.0
008 - FIXED-LENGTH DATA ELEMENTS--GENERAL INFORMATION
fixed length control field 071219s19uu xx uuu eng d
020 ## - INTERNATIONAL STANDARD BOOK NUMBER
International Standard Book Number 9780240809458
050 ## - LIBRARY OF CONGRESS CALL NUMBER
Classification number TR 899
Item number .W65 2007
100 ## - MAIN ENTRY--PERSONAL NAME
Personal name Wolsky, Tom
245 ## - TITLE STATEMENT
Title Final cut express HD 3.5 :
Remainder of title editing workshop /
Statement of responsibility, etc Tom Wolsky
260 ## - PUBLICATION, DISTRIBUTION, ETC. (IMPRINT)
Place of publication, distribution, etc U.S.A :
Name of publisher, distributor, etc Focal Press,
Date of publication, distribution, etc 2007.
300 ## - PHYSICAL DESCRIPTION
Extent 350 p. :
Other physical details ill. ;
Dimensions 24 cm.
521 ## - TARGET AUDIENCE NOTE
Target audience note
650 ## - SUBJECT ADDED ENTRY--TOPICAL TERM
Topical term or geographic name as entry element Final cut (Electronic resource).
650 ## - SUBJECT ADDED ENTRY--TOPICAL TERM
Topical term or geographic name as entry element Digital video
General subdivision Editing
-- Data Processing.
650 ## - SUBJECT ADDED ENTRY--TOPICAL TERM
Topical term or geographic name as entry element Motion pictures
General subdivision Editing
-- Data Processing.
942 ## - ADDED ENTRY ELEMENTS (KOHA)
Koha item type Books
Source of classification or shelving scheme Library of Congress Classification
Call number prefix Foreign
Holdings
Withdrawn status Lost status Source of classification or shelving scheme Damaged status Home library Current library Shelving location Date acquired Source of acquisition Total Checkouts Full call number Barcode Date last seen Copy number Price effective from Koha item type
    Library of Congress Classification   College Library College Library General Circulation Section 08/25/2010 Donation   TR 899 .W65 2007 C8861 05/15/2018 1 10/18/2013 Books

Final cut express HD 3.5 :

APA

Wolsky T., . (2007). Final cut express HD 3.5. U.S.A: Focal Press.

Chicago

Wolsky Tom, . 2007. Final cut express HD 3.5. U.S.A: Focal Press.

Harvard

Wolsky T., . (2007). Final cut express HD 3.5. U.S.A: Focal Press.

MLA

Wolsky Tom, . Final cut express HD 3.5. U.S.A: Focal Press. 2007.

  • Place hold
  • Print
  • Cite
  • Add to your cart (remove)
  • Save record
    BIBTEX Dublin Core MARCXML MARC (non-Unicode/MARC-8) MARC (Unicode/UTF-8) MARC (Unicode/UTF-8, Standard) MODS (XML) RIS
  • More searches
    Search for this title in:
    Other Libraries (WorldCat) Other Databases (Google Scholar) Online Stores (Bookfinder.com) Open Library (openlibrary.org)

Exporting to Dublin Core...

SOUTHVILLE LIBRARY

Southville International School and Colleges Library

1281 Tropical Ave. Cor. Luxembourg St., BF Homes International, Las Pinas City

Tel. No. 8256374 / 252358 Loc. 117/146

Powered by Koha